Recolección de tallos de Pil-Pil Voqui para cestería: relato de un tradición originaria del pueblo Lafkenche de Alepúe
Saved in:
| Main Authors: | , , |
|---|---|
| Format: | Book |
| Language: | Spanish |
| Published: |
Valdivia
Instituto Forestal
2016
|
| Edition: | 1a. ed |
| Subjects: | |
| Tags: |
Add Tag
No Tags, Be the first to tag this record!
|
MARC
| LEADER | 00000cam a2200000 a 4500 | ||
|---|---|---|---|
| 001 | UCC1062 | ||
| 003 | CL-VaPUC | ||
| 008 | 170922e20160000cl |||||||||||||||||spa|d | ||
| 020 | |a 9789563281842 | ||
| 082 | 0 | 4 | |a 333.75 |b PAL |2 21 |
| 100 | |a Palma Martínez, Juana |e autora |9 595074 | ||
| 700 | 0 | |a Mekis, Rozas, Catalina |e author |9 595075 | |
| 700 | 0 | |a Schlegel Held, Bastienne |e author |9 595076 | |
| 245 | 1 | 0 | |a Recolección de tallos de Pil-Pil Voqui para cestería: relato de un tradición originaria del pueblo Lafkenche de Alepúe |
| 250 | |a 1a. ed | ||
| 300 | |a 84 p | ||
| 942 | |c BK | ||
| 945 | |d 20170922 16:51:00 |a arojas | ||
| 260 | |a Valdivia |b Instituto Forestal |c 2016 | ||
| 650 | 7 | |a ENREDADERAS |2 CL-VaPUC |9 401785 | |
| 650 | 7 | |a PRODUCTOS FORESTALES |2 CL-VaPUC |9 365599 | |
| 650 | 7 | |a PATRIMONIO FORESTAL |2 CL-VaPUC |9 555111 | |
| 650 | 7 | |a CESTERIA |2 CL-VaPUC |9 269192 | |
| 651 | 7 | |a REGION DE LOS RIOS |2 CL-VaPUC |9 531735 | |
| 583 | |a last modification |c 20170922 16:51:00 |k Rodrigo Vera | ||
| 999 | |c 369652 |d 369650 | ||
| 952 | |0 0 |1 0 |3 erb |4 0 |6 333_750000000000000_PAL_2016 |7 0 |8 A |9 485584 |a BIBAGR |b BIBAGR |i 5425107 |o 333.75 PAL 2016 |p 5425107 |r 2025-01-20 |w 2019-11-24 |y BK |z Catalogado en:20170922 |k AGR | ||